Κατάλογος Βιβλιοθηκών Mediterranean College

ΟΔΟΠΟΙΙΑ: Η ΚΑΤΑΣΚΕΥΗ ΤΩΝ ΟΔΙΚΩΝ ΕΡΓΩΝ (Record no. 7502)

MARC details
000 -LEADER
fixed length control field 01315cam a22002174a 4500
005 - ΗΜΕΡΟΜΗΝΙΑ ΚΑΙ ΩΡΑ ΤΕΛΕΥΤΑΙΑΣ ΕΝΗΜΕΡΩΣΗΣ
Πεδίο ελέγχου 20250605164310.0
008 - FIXED-LENGTH DATA ELEMENTS--GENERAL INFORMATION
Πεδίο ελέγχου σταθερού μήκους 250528s ||||||||||||||||||||||||d
035 ## - SYSTEM CONTROL NUMBER
System control number 22450
020 ## - ISBN
ISBN 9789601213996
040 ## - ΠΗΓΗ ΚΑΤΑΛΟΓΟΓΡΑΦΗΣΗΣ
Φορέας πρωτότυπης καταλογογράφησης MC Athens Campus Library
Γλώσσα καταλογογράφησης Ελληνικά, Μοντέρνα (1453-)
Modifying agency MC Athens Campus Library
Κανόνες περιγραφικής καταλογογράφησης AACR2
245 1# - ΤΙΤΛΟΣ ΚΑΙ ΔΗΛΩΣΗ ΥΠΕΥΘΥΝΟΤΗΤΑΣ
Τίτλος ΟΔΟΠΟΙΙΑ: Η ΚΑΤΑΣΚΕΥΗ ΤΩΝ ΟΔΙΚΩΝ ΕΡΓΩΝ
250 ## - EDITION STATEMENT
Edition statement 2
260 ## - PUBLICATION, DISTRIBUTION, ETC.
Name of publisher, distributor, etc. University Studio Press,
Date of publication, distribution, etc. 2007
300 ## - PHYSICAL DESCRIPTION
Extent 462
505 0# - FORMATTED CONTENTS NOTE
Formatted contents note ΓΕΩΚΑΤΑΣΚΕΥΕΣ ΚΑΙ ΤΕΧΝΙΚΑ ΕΡΓΑ ΓΕΩΛΟΓΙΚΗ ΚΑΙ ΓΕΩΤΕΧΝΙΚΗ ΑΝΑΓΝΩΡΙΣΗ ΟΔΙΚΩΝ ΧΑΡΑΞΕΩΝ ΕΔΑΦΟΣ-ΠΡΟΕΛΕΥΣΗ ΚΑΙ ΦΥΣΙΚΕΣ ΙΔΙΟΤΗΤΕΣ ΠΑΡΑΜΕΤΡΟΙ ΜΗΧΑΝΙΚΗΣ ΑΝΤΟΧΗΣ ΤΟΥ ΕΔΑΦΟΥΣ ΜΗΧΑΝΙΚΗ ΣΥΜΠΕΡΙΦΟΡΑ ΓΕΩΚΑΤΑΣΚΕΥΩ
520 ## - SUMMARY, ETC.
Summary, etc. ΓΕΩΚΑΤΑΣΚΕΥΕΣ ΚΑΙ ΤΕΧΝΙΚΑ ΕΡΓΑ ΓΕΩΛΟΓΙΚΗ ΚΑΙ ΓΕΩΤΕΧΝΙΚΗ ΑΝΑΓΝΩΡΙΣΗ ΟΔΙΚΩΝ ΧΑΡΑΞΕΩΝ ΕΔΑΦΟΣ-ΠΡΟΕΛΕΥΣΗ ΚΑΙ ΦΥΣΙΚΕΣ ΙΔΙΟΤΗΤΕΣ ΠΑΡΑΜΕΤΡΟΙ ΜΗΧΑΝΙΚΗΣ ΑΝΤΟΧΗΣ ΤΟΥ ΕΔΑΦΟΥΣ ΜΗΧΑΝΙΚΗ ΣΥΜΠΕΡΙΦΟΡΑ ΓΕΩΚΑΤΑΣΚΕΥΩ
700 1# - ΠΡΟΣΘΕΤΗ ΑΝΑΓΡΑΦΗ--ΦΥΣΙΚΟ ΠΡΟΣΩΠΟ
Personal name Μουρατιδης Αναστασιος Κ
9 (RLIN) 8276
942 ## - ADDED ENTRY ELEMENTS (KOHA)
Koha item type Books
Holdings
Τύπος τεκμηρίου Βιβλιοθήκη Τρέχουσα τοποθεσία Barcode Αριθμός εισαγωγής Ημερομηνία απόκτησης Ταξιθετικό σύμβολο Αριθμός αντιτύπου Κατάσταση απόσυρσης Κατάσταση χαμένου Κατάσταση κατεστραμμένου Μη δανεισμός Σύνολο δανεισμών Ημερομηνία τελευταίας εμφάνισης Η τιμή ισχύει από
Books MC Thessaloniki Campus Library MC Thessaloniki Campus Library 9780000075017 1039 05/06/2025 625.7 ΜΟΥ 1           05/06/2025 05/06/2025

MC Athens Campus Library
Πατησίων 94 & Κοδριγκτώνος 13, 104 34
Πελλήνης 8 & Πατησίων 107, 112 51
Τ: +30 210 8899600

MC Thessaloniki Campus Library
Ίωνος Δραγούμη 21, 54625 | Ίωνος Δραγούμη 15, 54625
Τ: +30 2310 287779 – Τ: +30 2314 440300